| 000 | 00990nam a22002537a 4500 | ||
|---|---|---|---|
| 999 |
_c6907 _d6907 |
||
| 003 | AR-CdUCM | ||
| 008 | 190319b ||||| |||| 00| 0 spa d | ||
| 040 |
_aMUNICIPALIDAD PROVINCIAL DEL CUSCO _cBIBLIOTECA MUNICIPAL DEL CUSCO |
||
| 041 | _heng | ||
| 082 |
_a657 / _bK23 |
||
| 100 |
_aKarrenbrock, Wilbert E. _919461 |
||
| 245 | _aTratado de contabilidad intermedia y superior / | ||
| 260 |
_aMéxico D. F. : _bW. M. Jackson, _c1950. |
||
| 300 |
_a466 páginas ; _btablas, _c23 cm. |
||
| 440 |
_aContabilidad superior _919462 |
||
| 505 | _aContenido: t.3: Organizaciones y funcionamiento de las sociedades colectivas -- Disolución de las sociedades colectivas -- Cuentas en participación -- Ventas a plazos -- Comisiones y consignaciones ... | ||
| 650 |
_aContabilidad _910543 |
||
| 650 |
_aOrganización _94866 |
||
| 650 |
_aSociedades _92772 |
||
| 650 |
_aPreguntas y respuestas _919463 |
||
| 700 |
_aHoyos, Samuel A. (traducción) _919464 |
||
| 942 |
_2ddc _cLIBROS |
||
| 945 | _aachl | ||